| 000 | 00340nam a2200109Ia 4500 | ||
|---|---|---|---|
| 008 | 171211s9999 xx 000 0 und d | ||
| 245 | _aDreamweaver CS6: The Missing Manual | ||
| 245 | _cDavid Sawyer McFarland | ||
| 260 | _c2012 | ||
| 650 | _xIT eBOOKS | ||
| 856 | _uhttp://down.ebook777.com/020/Dreamweaver%20CS6%20The%20Missing%20Manual.pdf | ||
| 999 |
_c349866 _d349866 |
||